8 mots dans mots : ide (mort subite) - Statistiques

Statistiques générales
  • Ce quiz a été pris 19 fois
  • Le résultat moyen est 7 sur 8
Answers on the Grid
Answers color-coded by a green-red scale on the quiz's grid according to % correct below.
Ré---grader
Pers---er
Conf---ntiellement
Gardes-m---des
Radio - ---ntification
Radiogu---r
Prov---ntiellement
Ponts-pro---ades
Acad---cienne
Occ---ntaliser
Emb---ader
Tai---der
Assurance-acc---nts
Recons---rer
Dé---enasser
Prés---nts-directeurs
 
Statistiques - réponses
Réponse % Correct
Conf---ntiellement
100%
Prés---nts-directeurs
100%
Prov---ntiellement
100%
Assurance-acc---nts
94%
Radio - ---ntification
94%
Occ---ntaliser
88%
Radiogu---r
81%
Recons---rer
81%
Aucun quiz correspondant
Distribution des résultats
% des personnes avec chaque résultat
Percentile par nombre de réponses
Votre historique - résultats
Vous n’avez pas pris ce quiz